Loading...
| Literature - World | 0 | 5 | 0 | 0 | 50 | 100 | 112.80 | 1 | 3 | 0.00 | 0.00 |
| Philosophy | 2 | 2 | 1 | 1 | 45 | 51 | 92.00 | 1 | 2 | 0.00 | 0.00 |
| Beliefs | 1 | 3 | 1 | 0 | 40 | 66 | 103.75 | 1 | 3 | 0.00 | 0.00 |
| History - Other | 1 | 2 | 0 | 1 | 35 | 68 | 115.00 | 0 | 1 | 0.00 | 0.00 |
| Literature - European | 1 | 2 | 1 | 0 | 30 | 79 | 110.00 | 1 | 2 | 0.00 | 0.00 |
| Social Science | 0 | 2 | 0 | 1 | 20 | 117 | 127.00 | 0 | 0 | 0.00 | 0.00 |
| Literature - British | 0 | 2 | 0 | 0 | 20 | 109 | 131.50 | 0 | 0 | 0.00 | 0.00 |
| History - US | 0 | 2 | 0 | 0 | 20 | 100 | 114.00 | 0 | 0 | 0.00 | 0.00 |
| Other Academic | 0 | 2 | 0 | 1 | 20 | 109 | 136.00 | 0 | 0 | 0.00 | 0.00 |
| History - European | 0 | 1 | 0 | 0 | 10 | 101 | 101.00 | 0 | 1 | 0.00 | 0.00 |
| Literature - American | 1 | 0 | 2 | 0 | 5 | 84 | 84.00 | 0 | 0 | 0.00 | 0.00 |
| History - World | 0 | 1 | 1 | 1 | 5 | 146 | 146.00 | 0 | 0 | 0.00 | 0.00 |
| Science - Other | 0 | 0 | 0 | 0 | 0 | 0.00 | 0 | 0 | 0.00 | 0.00 | |
| Science - Chemistry | 0 | 0 | 1 | 0 | -5 | 0.00 | 0 | 0 | 0.00 | 0.00 |